<?xml version="1.0" encoding="UTF-8"?>
<marc:record xmlns:marc="http://www.loc.gov/MARC21/slim">
   <marc:leader>00000nam a2200000 a 4500</marc:leader>
   <marc:datafield ind1="1" ind2=" " tag="100">
      <marc:subfield code="a">Blase, Tina</marc:subfield>
      <marc:subfield code="4">aut</marc:subfield>
      <marc:subfield code="e">Verfasser/-in</marc:subfield>
   </marc:datafield>
   <marc:datafield ind1="0" ind2="0" tag="245">
      <marc:subfield code="a">Die Geisterhelfer - Traue sich, wer kann!</marc:subfield>
   </marc:datafield>
   <marc:datafield ind1="0" ind2="0" tag="245">
      <marc:subfield code="b">[Band 1]</marc:subfield>
   </marc:datafield>
   <marc:datafield ind1=" " ind2="1" tag="264">
      <marc:subfield code="b">cbj Verlag</marc:subfield>
      <marc:subfield code="c">2024</marc:subfield>
   </marc:datafield>
   <marc:datafield ind1="1" ind2=" " tag="490">
      <marc:subfield code="a">Die Geisterhelfer</marc:subfield>
   </marc:datafield>
   <marc:datafield ind1="1" ind2=" " tag="520">
      <marc:subfield code="a">Seitenweise 2024 Die Affinität für Geister und Friedhöfe wurde Leo Helsing Krüger in die Wiege gelegt. Oder vielmehr: Er wurde in einen Sarg als Wiege gelegt, kurz nachdem er in der Leichenhalle eines Friedhofs geboren worden war. Was für die Eltern eine amüsante Erinnerung ist, hat Leo nachhaltig geprägt: Er nimmt das Übernatürliche wahr. Zuerst sind es nur unheimliche Geräusche und Schatten (was den Kellerabgang jedes Mal zu einer ungeheuren Mutprobe macht). Als er eines Abends auf den Friedhof gehen muss, um einen verschossenen Ball zurückzuholen, wird das ganze Ausmaß von Leos Gabe deutlich: Er kann das Klagen dreier Geister hören, sie sehen und mit ihnen kommunizieren. Nach dem ersten Schock für beide Seiten schlagen die Geister ihm einen Deal vor: Er soll die Gebeine eines anderen Geistes ausgraben und weit weg vom Friedhof begraben - er heult zu laut. Als Gegenleistung wollen die drei Leo von seiner Angst vor der Dunkelheit befreien. Leo schlägt ein und macht sich, unterstützt von Nachbarin Antonia, die zwar keine Geister sieht, es aber gern könnte, auf die Suche nach dem Unruhestifter. Der klagt, wie Leo schnell erfährt, um die verpasste Gelegenheit, seinem Enkel von einem versteckten Schatz zu erzählen. Um für Ruhe zu sorgen, muss Leo also Enkel und Schatz finden und zusammenbringen - und nebenbei überleben, dass ihn die halbe Klasse als äLeo Hasenfußô bezeichnet, sein Bruder Valentin mitten in der Pubertät und er selbst mit der als nerdig verschrienen Antonia befreundet istà Tina Blases witziges und durchaus spannendes Debüt bildet den Auftakt zu einer neuen Serie um einen unfreiwilligen Geisterseher und seine sehr freiwillige, aber leider nichtsehende Partnerin. Die Protagonist*innen bieten viele Identifikationsmöglichkeiten an der Schwelle zur Vorpubertät. Mit großer Schrift, kurzen Kapiteln und großzügigen schwarzweißen Illustrationen ist der Roman für fortgeschrittene Leseanfänger*innen gut lesbar.</marc:subfield>
   </marc:datafield>
   <marc:datafield ind1=" " ind2=" " tag="020">
      <marc:subfield code="a">9783570181218</marc:subfield>
      <marc:subfield code="9">9783570181218</marc:subfield>
   </marc:datafield>
</marc:record>
